000 00700nam a22002177a 4500
003 UA-OsUOA
001 75058
007 ta
008 20110427b un ||||| |||| 00| 0 ukr d
100 _aМахаєва О.
090 _a330(477)
_bМ36
942 _cSA
040 _aUA-OsUOA
_bukr
_cUA-OsUOA
_dUA-OsUOA
245 _aОверсайт як функція центрального банку та концепція його введення в Україні
300 _aС.18
955 _a0
041 _aukr
080 _a330(477)
773 0 _w75054
_tВісник Національного банку України
_dК.
_d2011
_g4
650 7 _a330 Економіка взагалі
_2UDC
999 _c361352
_d361352